000 00349nam a2200157Ia 4500
005 20250425162724.0
008 250425s9999 xx 000 0 und d
041 _aaar
100 _aTOLENTINO, A.L
245 0 _aDINAMICA
250 _a4A ED.
260 _aArgentina
_bA HARBINGER BOOK
_c2017
300 _a34
942 _c01
010 _a102891
999 _c235109
_d235109